| 000 | 00610nam a2200241Ia 4500 | ||
|---|---|---|---|
| 003 | OSt | ||
| 005 | 20230620101346.0 | ||
| 008 | 210423s2013 xx 000 0 und d | ||
| 020 | _a978-81-265-2571-3 | ||
| 040 | _cAL | ||
| 041 | _aeng | ||
| 082 | _a543.0858 HOLM | ||
| 100 |
_aHOLLAS (J Michael) _9106137 |
||
| 245 | _aModern spectroscopy Ed 4 | ||
| 250 | _a4 | ||
| 260 |
_aNew Delhi _bWiley and Sons _c2013 |
||
| 300 |
_axxvii,452 _bPB |
||
| 365 |
_b1095 _cINR |
||
| 650 |
_aAnalytical Chemistry _9106138 |
||
| 650 |
_aChemistry _9106139 |
||
| 906 | _aEd ; Modern ; spectroscopy | ||
| 942 |
_2ddc _cBK |
||
| 999 |
_c166498 _d166498 |
||